INSYMET '88 9. medzinárodné sympózium metrológie

Enregistré dans:
Détails bibliographiques
Format: Livre
Langue:slovaque
Publié: Bratislava Dom techn. ČSVTS 1988
Édition:1. vyd.
Tags: Ajouter un tag
Pas de tags, Soyez le premier à ajouter un tag!

MARC

LEADER 00000nam a2200000 4500
001 c027508
005 20221219091656.1
041 0 |a slo 
044 |a SK 
245 1 0 |a INSYMET '88  |b 9. medzinárodné sympózium metrológie 
250 |a 1. vyd. 
264 1 |a Bratislava  |b Dom techn. ČSVTS  |c 1988 
300 |a 159 s.